| 000 | 01214cam a2200457 4500500 | ||
|---|---|---|---|
| 005 | 20260329004717.0 | ||
| 041 | _afre | ||
| 042 | _adc | ||
| 100 | 1 | 0 |
_aSorente, Isabelle _eauthor |
| 245 | 0 | 0 | _aPlaidoyer pour la nuance (quand tout le monde veut en découdre) |
| 260 | _c2020. | ||
| 500 | _a22 | ||
| 690 | _ablasphème | ||
| 690 | _aCaricature | ||
| 690 | _aCarl Schmitt | ||
| 690 | _aChantal Mouffe | ||
| 690 | _aCharlie Hebdo | ||
| 690 | _aClaude Lefort | ||
| 690 | _aConflit | ||
| 690 | _aConsensus | ||
| 690 | _aCornelius Castoriadis | ||
| 690 | _aDébat | ||
| 690 | _aDémocratie | ||
| 690 | _aInternet | ||
| 690 | _aIslam | ||
| 690 | _aJoëlle Zask | ||
| 690 | _aJohn Dewey | ||
| 690 | _aLaïcité | ||
| 690 | _aNeurosciences | ||
| 690 | _aNuance | ||
| 690 | _aPolitique | ||
| 690 | _aPragmatisme | ||
| 690 | _aRaphaël Enthoven | ||
| 690 | _aRéseaux sociaux | ||
| 690 | _aSamuel Paty | ||
| 690 | _aSocialisme | ||
| 690 | _atest | ||
| 690 | _aTwitter | ||
| 786 | 0 | _nPhilosophie magazine | 145 | 1 | 2020-12-01 | p. 33-34 | 1951-1787 | |
| 856 | 4 | 1 | _uhttps://shs.cairn.info/magazine-philosophie-magazine-2020-12-1-page-33?lang=fr&redirect-ssocas=7080 |
| 999 |
_c1836519 _d1836519 |
||